Statistiques concernant Équipes-types de la Ligue des Champions : 2019

Cliquez ici pour prendre le quiz!

Statistiques générales

  • Ce quiz a été pris 1 042 fois
  • Le résultat moyen est 14 sur 20

Statistiques - réponses

JoueurClub% Correct
Marc-André ter StegenFC Barcelone
98%
Alisson BeckerLiverpool
97%
Virgil van DijkLiverpool
96%
Lionel MessiFC Barcelone
94%
Kevin De BruyneManchester City
93%
Trent Alexander-ArnoldLiverpool
92%
Sadio ManéLiverpool
91%
Andrew RobertsonLIverpool
87%
Matthijs de LigtAjax Amsterdam
86%
Frenkie de JongAjax Amsterdam
84%
Cristiano RonaldoJuventus
83%
Lucas MouraTottenham
77%
Dusan TadicAjax Amsterdam
73%
Hakim ZiyechAjax Amsterdam
52%
Georginio WijnaldumLiverpool
43%
Tanguy NdombéléOlympique Lyonnais
41%
Jan VertonghenTottenham
35%
David NeresAjax Amsterdam
26%
Moussa SissokoTottenham
23%
Raheem SterlingManchester City
20%

Distribution des résultats

Percentile par nombre de réponses

% des personnes avec chaque résultat

Votre développement - résultats

Vous n’avez pas pris ce quiz